|
|
|
|
| LEADER |
00000nab a2200000 a 4500 |
| 001 |
vtls000598712 |
| 003 |
SK-MaSNL |
| 005 |
20260304225137.0 |
| 008 |
160202c xo 0 slo |
| 015 |
|
|
|a SNBRB19rr/mm-uuuuu
|
| 035 |
|
|
|a CL0598851
|
| 040 |
|
|
|a SNKBUCL
|b slo
|c SNKBUCL
|e AACR2
|
| 041 |
0 |
|
|a slo
|
| 044 |
|
|
|a xo
|c SK
|
| 080 |
|
|
|a 323.113(73=854)
|2 1981
|
| 100 |
1 |
|
|a Šišmiš, Milan,
|d 1964-
|4 aut
|9 97660
|
| 245 |
1 |
0 |
|a Medzi Slovákmi v Milwaukee
|b Z amerického zápisníka (1. časť)
|c Milan Šišmiš ml.
|
| 300 |
|
|
|b Fotogr. 2
|
| 650 |
0 |
7 |
|a Slováci
|2 snkbucl
|9 22552
|
| 651 |
|
7 |
|a Spojené štáty americké
|2 snkbucl
|9 18262
|
| 651 |
|
7 |
|a Milwaukee (Wis.)
|2 SNKPHgeo
|9 103574
|
| 655 |
|
7 |
|a články z novín a časopisov
|2 snkbucl
|9 267496
|
| 773 |
0 |
|
|t Slovenské národné noviny
|g Roč. 7 (11), č. 36 (1996), s. 6-7
|x 0862-8823
|
| 850 |
|
|
|a Slovenská národná knižnica v Martine
|a MTA001
|
| 852 |
|
|
|a SNK
|b KIS3GCP
|
| 958 |
|
|
|a RK
|
| 958 |
|
|
|a SK
|
| 992 |
|
|
|a RBX
|
| 999 |
|
|
|c 3175921
|d 3177851
|